03011nam a22002297a 4500003000400000005001700004008004000021022001900061082001900080100003600099245009900135250001800234260008200252300003000334490005600364520135000420650080101770700003502571942001502606952014502621999001502766OSt20260410111437.0260325b |||||||| |||| 00| 0 espd a 9789942935960 2 9789942935960 aVicuña Izurieta, Segundo Abel aRegulación económica y políticas públicas en el Ecuador: análisis desde la academia. a1ra edición aEcuador b Editorial Universidad Nacional de Chimborazo (UNACH).c 2019/2020. a312 pagc 14.8 cm x 21 cm 3Cartulina couché o propalcote de 240 a 300 gramos aRegulación económica y políticas públicas en el Ecuador: análisis desde la academia" (2020) es una obra colectiva que examina la evolución del sistema económico ecuatoriano y el impacto de las decisiones estatales en el bienestar social. Aquí tienes los puntos centrales de su contenido: Evolución del Pensamiento Económico: Analiza cómo ha cambiado la visión económica en Ecuador, pasando de modelos tradicionales a enfoques de regulación más contemporáneos. Políticas Públicas y Sector Real: Evalúa la efectividad de las políticas implementadas por el Estado para dinamizar sectores clave como la manufactura, el comercio y los servicios. Microfinanzas y Economía Popular: Dedica una parte importante al estudio de las cooperativas de ahorro y crédito y al rol de las microfinanzas como herramientas de inclusión económica en sectores vulnerables. Regulación Estatal: Discute si la intervención del Estado a través de leyes y organismos de control ha ayudado a estabilizar la economía o si, por el contrario, ha generado trabas para el crecimiento empresarial. Perspectiva Académica: Al ser un texto universitario, no solo presenta datos estadísticos, sino que propone marcos teóricos para que estudiantes y legisladores puedan diseñar mejores estrategias de desarrollo nacional. aEconomía — Ecuador. Política económica — Siglo XXI. Microfinanzas — Aspectos sociales. Regulación económica — Análisis académico.xAnálisis: Indica que la obra no es solo descriptiva, sino que descompone y examina el fenómeno económico. Investigación: Define el carácter científico y académico del texto. Modelos matemáticos: (Si aplica al capítulo de econometría) para secciones con fórmulas y proyecciones. Política gubernamental: Especifica que el enfoque está en las decisiones del Estado.yEn los sistemas de clasificación como Dewey o LC, esta subdivisión indica que el análisis de las políticas económicas y la regulación estatal se centra en los eventos, leyes y modelos aplicados en Ecuador durante las últimas dos décadas. aSegundo Abel Vicuña Izurieta 2ddccBKn0 00102ddc40708F02aISUSbISUScBiblioteca Abiertad2026-03-25l1m1o0455pBIBLIO0455r2026-04-01 09:33:04s2026-04-01t1w2026-03-25yBK c2027d2027